[Event "World Youth U-16 Olympiad 2018"]
[Site "Konya"]
[Date "2018.12.01"]
[Round "8"]
[White "Pogosyan, Stefan"]
[Black "Ozenir, Ekin Baris"]
[Result "1-0"]
[WhiteElo "2365"]
[BlackElo "2271"]
[Annotator "NA"]
[PlyCount "107"]
[EventDate "2018.11.25"]
[EventType "team-tourn"]
[EventCountry "TUR"]
[SourceTitle "playchess.com"]
[Source "ChessBase"]
[SourceQuality "1"]
[WhiteTeam "Russia"]
[BlackTeam "Turkey"]
[WhiteTeamCountry "RUS"]
[BlackTeamCountry "TUR"]

1. d4 Nf6 2. c4 e6 3. Nc3 Bb4 4. Qc2 O-O 5. a3 Bxc3+ 6. Qxc3 d6 7. Bg5 Nbd7 8. g3 h6 9. Bxf6 Qxf6 10. Bg2 e5 11. Nf3 Re8 12. O-O exd4 13. Nxd4 a6 14. e4 Nc5 15. Rfe1 Na4 16. Qd2 c5 17. b3 cxd4 18. bxa4 Bd7 19. a5 Rac8 20. Qb4 Rc7 21. Rad1 Rec8 22. Bf1 Bg4 23. Rd2 Qe5 24. Qb6 Be6 25. Red1 Bxc4 26. Bh3 Be6 27. Bxe6 fxe6 28. Rxd4 Rc1 29. Qxb7 Kh7 30. Kg2 Rxd1 31. Rxd1 Rc3 32. Qb4 Rc5 33. Rd4 Rc6 34. h4 Rc5 35. Kh3 h5 36. Kg2 Rc6 37. Qd2 Qc5 38. Qd3 Qe5 39. Rd5 Rc3 40. Rxe5 Rxd3 41. Rxe6 Rxa3 42. Rxd6 Rxa5 43. Kf3 Ra3+ 44. Kf4 Ra2 45. f3 a5 46. e5 a4 47. Ra6 a3 48. Kf5 Ra1 49. e6 a2 50. f4 Rg1 51. Rxa2 Re1 52. Ra5 Kg8 53. Re5 Rxe5+ 54. Kxe5 1-0

[Event "World Youth U-16 Olympiad 2018"]
[Site "Konya"]
[Date "2018.12.01"]
[Round "8"]
[White "Galperin, Platon"]
[Black "Wang, Yanbin"]
[Result "0-1"]
[WhiteElo "2363"]
[BlackElo "2296"]
[Annotator "NA"]
[PlyCount "82"]
[EventDate "2018.11.25"]
[EventType "team-tourn"]
[EventCountry "TUR"]
[SourceTitle "playchess.com"]
[Source "ChessBase"]
[SourceQuality "1"]
[WhiteTeam "Ukraine"]
[BlackTeam "China"]
[WhiteTeamCountry "UKR"]
[BlackTeamCountry "CHN"]

1. e4 c5 2. Nf3 e6 3. d4 cxd4 4. Nxd4 a6 5. Nc3 Qc7 6. Bd3 Nf6 7. O-O Nc6 8. Nxc6 bxc6 9. f4 d5 10. e5 Nd7 11. Qg4 g6 12. Be3 c5 13. Na4 Bb7 14. b3 Bc6 15. Nb2 Be7 16. Rae1 Qb7 17. c4 d4 18. Bd2 a5 19. Re2 Nb6 20. Be1 a4 21. h4 axb3 22. axb3 h5 23. Qh3 Qd7 24. Bc2 Kd8 25. Bf2 Ra3 26. Rd1 Kc7 27. Qh2 Rha8 28. Red2 Ra2 29. Bb1 Ra1 30. b4 Na4 31. b5 Be4 32. b6+ Kb8 33. Bxe4 Nxb2 34. Re1 Rxe1+ 35. Bxe1 Ra1 36. Qg3 Nxc4 37. Rc2 Ne3 38. Rd2 Qb5 39. Bd3 c4 40. Be4 c3 41. Rd3 c2 0-1

[Event "World Youth U-16 Olympiad 2018"]
[Site "Konya"]
[Date "2018.12.01"]
[Round "8"]
[White "Ibrahimli, Murad"]
[Black "Sankalp Gupta"]
[Result "1/2-1/2"]
[WhiteElo "2356"]
[BlackElo "2378"]
[Annotator "NA"]
[PlyCount "86"]
[EventDate "2018.11.25"]
[EventType "team-tourn"]
[EventCountry "TUR"]
[SourceTitle "playchess.com"]
[Source "ChessBase"]
[SourceQuality "1"]
[WhiteTeam "Azerbaijan"]
[BlackTeam "India"]
[WhiteTeamCountry "AZE"]
[BlackTeamCountry "IND"]

1. d4 Nf6 2. Nf3 e6 3. c4 b6 4. g3 Bb7 5. Bg2 Bb4+ 6. Nbd2 O-O 7. O-O d5 8. Ne5 Qc8 9. Ndf3 dxc4 10. Nxc4 Rd8 11. Bg5 Be7 12. Rc1 Nc6 13. e3 h6 14. Bxf6 Bxf6 15. Qb3 Ne7 16. Qa3 Nf5 17. Nce5 Bd5 18. Nc6 Rd6 19. Nfe5 Bxg2 20. Kxg2 Qb7 21. Kg1 Bxe5 22. Nxe5 h5 23. Qc3 Rc8 24. Nc6 Rd7 25. e4 Ne7 26. d5 exd5 27. exd5 Nxd5 28. Qf3 Re8 29. Rfe1 Qa8 30. Qxh5 Nf6 31. Qf3 a5 32. Re7 Kf8 33. Rxd7 Nxd7 34. Qf4 Qc8 35. b4 a4 36. Na7 Qb7 37. Nb5 Ne5 38. Nxc7 Re7 39. Nb5 Nf3+ 40. Kf1 Nxh2+ 41. Kg1 Nf3+ 42. Kf1 Nh2+ 43. Kg1 Nf3+ 1/2-1/2

[Event "World Youth U-16 Olympiad 2018"]
[Site "Konya"]
[Date "2018.12.01"]
[Round "8"]
[White "Semjonovs, Ilja"]
[Black "Veiga, Jose Francisco R P "]
[Result "1/2-1/2"]
[WhiteElo "2352"]
[BlackElo "2302"]
[Annotator "NA"]
[PlyCount "116"]
[EventDate "2018.11.25"]
[EventType "team-tourn"]
[EventCountry "TUR"]
[SourceTitle "playchess.com"]
[Source "ChessBase"]
[SourceQuality "1"]
[WhiteTeam "Latvia"]
[BlackTeam "Portugal"]
[WhiteTeamCountry "LAT"]
[BlackTeamCountry "POR"]

1. e4 e5 2. Nf3 Nc6 3. Bb5 a6 4. Ba4 Nf6 5. O-O Be7 6. Re1 b5 7. Bb3 d6 8. c3 O-O 9. h3 Nb8 10. d4 Nbd7 11. Nbd2 Bb7 12. Bc2 Re8 13. Nf1 Bf8 14. Ng3 g6 15. Bd2 Bg7 16. Qc1 exd4 17. cxd4 c5 18. d5 Ne5 19. Nxe5 Rxe5 20. Bf4 Re8 21. Qd2 Nd7 22. Bxd6 Bxb2 23. Rab1 Qf6 24. e5 Bxe5 25. Ne4 Qg7 26. Nxc5 Bxd6 27. Nxb7 Qf6 28. Rxe8+ Rxe8 29. Nxd6 Qxd6 30. a4 Rb8 31. axb5 Rxb5 32. Rxb5 axb5 33. Qa5 Qb6 34. Qa8+ Kg7 35. Qc6 Qxc6 36. dxc6 Nb6 37. Bd3 b4 38. c7 Kf6 39. Ba6 b3 40. Kf1 Ke5 41. Ke2 Kd6 42. Kd2 Kxc7 43. Kc3 Na4+ 44. Kd2 f5 45. Bc4 b2 46. Kc2 Kb6 47. Bb3 Kb5 48. Bxa4+ Kxa4 49. Kxb2 Kb4 50. Kc2 Kc4 51. Kd2 Kd4 52. Ke2 g5 53. g4 Ke4 54. gxf5 Kxf5 55. Kf3 h6 56. Kg3 h5 57. h4 g4 58. f3 Ke5 1/2-1/2

[Event "World Youth U-16 Olympiad 2018"]
[Site "Konya"]
[Date "2018.12.01"]
[Round "8"]
[White "Koustav Chatterjee"]
[Black "Beydullayeva, Govhar"]
[Result "1-0"]
[WhiteElo "2345"]
[BlackElo "2235"]
[Annotator "NA"]
[PlyCount "55"]
[EventDate "2018.11.25"]
[EventType "team-tourn"]
[EventCountry "TUR"]
[SourceTitle "playchess.com"]
[Source "ChessBase"]
[SourceQuality "1"]
[WhiteTeam "India"]
[BlackTeam "Azerbaijan"]
[WhiteTeamCountry "IND"]
[BlackTeamCountry "AZE"]

1. c4 e5 2. g3 Nf6 3. Bg2 d5 4. cxd5 Nxd5 5. Nc3 Nb6 6. Nf3 Nc6 7. O-O Be7 8. Rb1 a5 9. d3 O-O 10. Be3 Be6 11. Rc1 f5 12. Nd2 Qd7 13. Na4 Nxa4 14. Qxa4 Bd5 15. Qb5 Bxg2 16. Kxg2 f4 17. Qb3+ Kh8 18. Bc5 a4 19. Qc4 Bxc5 20. Qxc5 Rf6 21. Nf3 Rh6 22. h4 Rg8 23. Rh1 Re8 24. Rc4 b6 25. Qb5 Qe6 26. Ng5 Qd7 27. Rhc1 Ree6 28. Nxe6 1-0

[Event "World Youth U-16 Olympiad 2018"]
[Site "Konya"]
[Date "2018.12.01"]
[Round "8"]
[White "Gholami Orimi, Mahdi"]
[Black "Vokhidov, Shamsiddin"]
[Result "1/2-1/2"]
[WhiteElo "2343"]
[BlackElo "2480"]
[Annotator "TA"]
[PlyCount "175"]
[EventDate "2018.11.25"]
[EventType "team-tourn"]
[EventCountry "TUR"]
[SourceTitle "playchess.com"]
[Source "ChessBase"]
[SourceQuality "1"]
[WhiteTeam "Iran"]
[BlackTeam "Uzbekistan"]
[WhiteTeamCountry "IRI"]
[BlackTeamCountry "UZB"]

1. d4 d5 2. c4 e6 3. Nc3 Bb4 4. e3 Nf6 5. a3 Bxc3+ 6. bxc3 c6 7. cxd5 cxd5 8. Bd3 O-O 9. Ne2 b6 10. c4 Ba6 11. cxd5 Bxd3 12. Qxd3 Qxd5 13. O-O Nc6 14. Nf4 Qd7 15. a4 Nd5 16. Nxd5 Qxd5 17. Ba3 Rfc8 18. Qb5 Na5 19. Bb4 Nc4 20. Qa6 Rc7 21. Rfc1 Rac8 22. Rc3 Qb7 23. Qxb7 Rxb7 24. Rac1 Rbc7 25. f3 f6 26. e4 a6 27. Bd6 Rc6 28. Bb4 b5 29. axb5 axb5 30. Rb1 f5 31. d5 exd5 32. exd5 Ra6 33. Rd3 Ne5 34. Rd2 Rg6 35. Kf2 Nc4 36. Re2 Rd8 37. Rd1 Ra6 38. d6 Ra7 39. Rd5 Rad7 40. Rxb5 Nxd6 41. Rd5 Kf7 42. Bxd6 Rxd6 43. Rxf5+ Kg6 44. Ree5 h6 45. Rf4 Rd2+ 46. Kg3 R8d4 47. Re6+ Kh7 48. Rxd4 Rxd4 49. Re2 h5 50. Kh3 g6 51. g3 Kg7 52. f4 Kf6 53. Ra2 Kg7 54. Ra6 Rd2 55. Kh4 Kh6 56. Kh3 Rf2 57. Rb6 Kh7 58. Rb7+ Kh6 59. Rb6 Kh7 60. Re6 Kh6 61. Rc6 Kh7 62. Rd6 Kh6 63. Rd1 Kh7 64. Rg1 Kh6 65. Rg2 Rf1 66. Rc2 Rd1 67. Kh4 Rd4 68. Rc6 Rd2 69. h3 Rf2 70. Rf6 Rf3 71. Rf8 Kg7 72. Ra8 Kh6 73. Rh8+ Kg7 74. Rc8 Kh6 75. Rc6 Rf2 76. Rf6 Rf3 77. g4 Rxf4 78. Rxf4 g5+ 79. Kg3 gxf4+ 80. Kxf4 hxg4 81. hxg4 Kg6 82. g5 Kg7 83. Kf5 Kf7 84. g6+ Kg7 85. Kg5 Kg8 86. Kf6 Kf8 87. g7+ Kg8 88. Kg6 1/2-1/2

[Event "World Youth U-16 Olympiad 2018"]
[Site "Konya"]
[Date "2018.12.01"]
[Round "8"]
[White "Olsen, Filip Boe"]
[Black "Liu, Zhanhe"]
[Result "1-0"]
[WhiteElo "2343"]
[BlackElo "2052"]
[Annotator "NA"]
[PlyCount "89"]
[EventDate "2018.11.25"]
[EventType "team-tourn"]
[EventCountry "TUR"]
[SourceTitle "playchess.com"]
[Source "ChessBase"]
[SourceQuality "1"]
[WhiteTeam "Denmark"]
[BlackTeam "Canada"]
[WhiteTeamCountry "DEN"]
[BlackTeamCountry "CAN"]

1. d4 Nf6 2. c4 e6 3. Nc3 Bb4 4. e3 O-O 5. Nge2 d5 6. a3 Be7 7. cxd5 exd5 8. Nf4 c6 9. Bd3 Re8 10. O-O Bd6 11. f3 b6 12. Bc2 Ba6 13. Re1 Bxf4 14. exf4 Rxe1+ 15. Qxe1 c5 16. Be3 Nc6 17. Qf2 cxd4 18. Bxd4 Nxd4 19. Qxd4 Qe7 20. Rd1 Re8 21. Ba4 Rd8 22. Bb3 Bb7 23. h3 Kf8 24. Kh2 Qc5 25. g4 Qxd4 26. Rxd4 Ke7 27. Kg3 Kd6 28. g5 Nh5+ 29. Kh4 Kc5 30. Ra4 a5 31. Kxh5 Bc6 32. Ne4+ dxe4 33. Rc4+ Kd6 34. fxe4 b5 35. Rd4+ Ke7 36. Rxd8 Kxd8 37. e5 Ke7 38. Bc2 Bf3+ 39. Kh4 g6 40. Kg3 Bd5 41. b4 axb4 42. axb4 Kd7 43. Kf2 Kc6 44. Ke3 Bg2 45. Be4+ 1-0

[Event "World Youth U-16 Olympiad 2018"]
[Site "Konya"]
[Date "2018.12.01"]
[Round "8"]
[White "Travadon, Loic"]
[Black "Cohen Revivo, Shoham"]
[Result "1/2-1/2"]
[WhiteElo "2340"]
[BlackElo "2188"]
[Annotator "NA"]
[PlyCount "69"]
[EventDate "2018.11.25"]
[EventType "team-tourn"]
[EventCountry "TUR"]
[SourceTitle "playchess.com"]
[Source "ChessBase"]
[SourceQuality "1"]
[WhiteTeam "France"]
[BlackTeam "Israel"]
[WhiteTeamCountry "FRA"]
[BlackTeamCountry "ISR"]

1. d4 Nf6 2. Bf4 g6 3. Nc3 d5 4. e3 Bg7 5. h4 O-O 6. h5 c5 7. hxg6 fxg6 8. dxc5 Nc6 9. Bb5 Qa5 10. Nge2 a6 11. Bxc6 bxc6 12. Be5 Qxc5 13. Qd4 Qxd4 14. exd4 Ng4 15. Bxg7 Kxg7 16. Nd1 Bd7 17. f3 Nh6 18. Nf2 Rae8 19. Nd3 Nf7 20. Nc5 Bc8 21. O-O-O e5 22. Rhe1 e4 23. fxe4 dxe4 24. d5 cxd5 25. Rxd5 Nh6 26. Nc3 e3 27. Rd3 Ng4 28. b4 Rf2 29. Nd1 Bf5 30. Nxf2 exf2 31. Rf1 Re1+ 32. Rd1 Re2 33. Rd2 Re1+ 34. Rd1 Re2 35. Rd2 1/2-1/2

[Event "World Youth U-16 Olympiad 2018"]
[Site "Konya"]
[Date "2018.12.01"]
[Round "8"]
[White "Pacan-Milej, Kosma"]
[Black "Chrysogelou, Athanasia-Panagiota"]
[Result "1-0"]
[WhiteElo "2334"]
[BlackElo "1739"]
[Annotator "NA"]
[PlyCount "59"]
[EventDate "2018.11.25"]
[EventType "team-tourn"]
[EventCountry "TUR"]
[SourceTitle "playchess.com"]
[Source "ChessBase"]
[SourceQuality "1"]
[WhiteTeam "Poland"]
[BlackTeam "Greece"]
[WhiteTeamCountry "POL"]
[BlackTeamCountry "GRE"]

1. d4 Nf6 2. c4 e6 3. Nf3 b6 4. g3 Ba6 5. b3 Bb4+ 6. Bd2 Be7 7. Nc3 c6 8. e4 d5 9. e5 Ne4 10. Bd3 Nxd2 11. Qxd2 Bb7 12. O-O Na6 13. cxd5 exd5 14. a3 Nc7 15. Ne1 Ne6 16. Ne2 O-O 17. f4 f5 18. Nc2 Rc8 19. Ne3 g6 20. g4 fxg4 21. f5 gxf5 22. Bxf5 Ng5 23. Nxg4 Rc7 24. h4 Ne4 25. Qh6 Rxf5 26. Rxf5 Bc8 27. Rf4 Bf8 28. Qh5 Rg7 29. Kh2 Qd7 30. Nh6+ 1-0

[Event "World Youth U-16 Olympiad 2018"]
[Site "Konya"]
[Date "2018.12.01"]
[Round "8"]
[White "Parkhov, Yair"]
[Black "Harutyunyan, Ruben"]
[Result "1-0"]
[WhiteElo "2334"]
[BlackElo "2360"]
[Annotator "NA"]
[PlyCount "107"]
[EventDate "2018.11.25"]
[EventType "team-tourn"]
[EventCountry "TUR"]
[SourceTitle "playchess.com"]
[Source "ChessBase"]
[SourceQuality "1"]
[WhiteTeam "Israel"]
[BlackTeam "France"]
[WhiteTeamCountry "ISR"]
[BlackTeamCountry "FRA"]

1. c4 c6 2. d4 d5 3. cxd5 cxd5 4. Bf4 e6 5. Nc3 Bd6 6. Bxd6 Qxd6 7. e3 Nf6 8. Bd3 O-O 9. f4 a6 10. Nf3 b5 11. Ne5 Nfd7 12. O-O f5 13. Rc1 Nb6 14. Qe2 N8d7 15. Rc2 Bb7 16. Rfc1 Rac8 17. Nb1 Qb8 18. Nd2 Nxe5 19. fxe5 Nc4 20. b3 Nb6 21. Nf3 Rxc2 22. Rxc2 Rc8 23. Ng5 Rxc2 24. Qxc2 Qc8 25. Nh3 b4 26. Nf4 g5 27. Nh5 Qxc2 28. Nf6+ Kg7 29. Bxc2 Bc6 30. g4 Kg6 31. Bd3 a5 32. gxf5+ exf5 33. Ng8 Nc8 34. Ba6 Na7 35. Ne7+ Kf7 36. Nxf5 a4 37. Nd6+ Ke6 38. bxa4 Bxa4 39. Nb7 Ke7 40. Nc5 Be8 41. Nd3 Nc6 42. Bb7 Na5 43. Bxd5 Ba4 44. Nxb4 g4 45. Kf2 h5 46. Kg3 Kd7 47. Nd3 Bc2 48. Nc5+ Ke7 49. Nb3 Nxb3 50. axb3 Kd7 51. b4 Kc7 52. Bf7 Kb6 53. Bxh5 Kb5 54. e6 1-0

[Event "World Youth U-16 Olympiad 2018"]
[Site "Konya"]
[Date "2018.12.01"]
[Round "8"]
[White "Huang, Renjie"]
[Black "Matviishen, Viktor"]
[Result "1/2-1/2"]
[WhiteElo "2328"]
[BlackElo "2492"]
[Annotator "TA"]
[PlyCount "75"]
[EventDate "2018.11.25"]
[EventType "team-tourn"]
[EventCountry "TUR"]
[SourceTitle "playchess.com"]
[Source "ChessBase"]
[SourceQuality "1"]
[WhiteTeam "China"]
[BlackTeam "Ukraine"]
[WhiteTeamCountry "CHN"]
[BlackTeamCountry "UKR"]

1. e4 e5 2. Nf3 Nc6 3. Bc4 Bc5 4. c3 Nf6 5. d3 d6 6. Nbd2 a6 7. O-O h6 8. Re1 Ba7 9. Bb3 g5 10. Nf1 g4 11. N3d2 h5 12. Nc4 b5 13. Nce3 Ne7 14. d4 Bb7 15. dxe5 dxe5 16. Nd5 Nfxd5 17. exd5 f6 18. Be3 Bxd5 19. Bxa7 Rxa7 20. Ne3 c6 21. a4 bxa4 22. Rxa4 Kf7 23. Qc2 Qb8 24. Nxd5 cxd5 25. Ra5 Rd7 26. Rxa6 Rb7 27. Ba2 Rxb2 28. Qa4 Rd8 29. h3 Qc8 30. Qa3 gxh3 31. Rxf6+ Kxf6 32. Qxb2 Qg4 33. f4 exf4 34. c4+ d4 35. Qb6+ Kf7 36. c5+ Ke8 37. Qc6+ Rd7 38. Qc8+ 1/2-1/2

[Event "World Youth U-16 Olympiad 2018"]
[Site "Konya"]
[Date "2018.12.01"]
[Round "8"]
[White "Ceres, Dragos"]
[Black "Amon, Nejc"]
[Result "1/2-1/2"]
[WhiteElo "2324"]
[BlackElo "2281"]
[Annotator "NA"]
[PlyCount "85"]
[EventDate "2018.11.25"]
[EventType "team-tourn"]
[EventCountry "TUR"]
[SourceTitle "playchess.com"]
[Source "ChessBase"]
[SourceQuality "1"]
[WhiteTeam "Moldova"]
[BlackTeam "Slovenia"]
[WhiteTeamCountry "MDA"]
[BlackTeamCountry "SLO"]

1. e4 c5 2. Nf3 d6 3. d4 Nf6 4. Nc3 cxd4 5. Nxd4 g6 6. Be2 Bg7 7. Be3 Nc6 8. Qd2 O-O 9. O-O-O Nxd4 10. Bxd4 Be6 11. Kb1 Qa5 12. Bxf6 exf6 13. Nd5 Qxd2 14. Rxd2 Bxd5 15. Rxd5 Rfd8 16. Rhd1 Bf8 17. Rb5 b6 18. Bc4 Rac8 19. Bd5 Re8 20. a4 Kg7 21. a5 Rc5 22. Rxc5 dxc5 23. axb6 axb6 24. f3 Be7 25. Rd3 Rb8 26. Ra3 b5 27. Ra7 Kf8 28. c3 b4 29. c4 f5 30. exf5 gxf5 31. Ra6 Rd8 32. Rh6 Kg7 33. Rh5 Kg6 34. g4 fxg4 35. fxg4 h6 36. Rf5 f6 37. h4 Bd6 38. Be4 Kg7 39. g5 hxg5 40. hxg5 fxg5 41. Rxg5+ Kf6 42. Rf5+ Ke6 43. Rh5 1/2-1/2

[Event "World Youth U-16 Olympiad 2018"]
[Site "Konya"]
[Date "2018.12.01"]
[Round "8"]
[White "Stevanic, David"]
[Black "Lashkin, Jegor"]
[Result "1/2-1/2"]
[WhiteElo "2322"]
[BlackElo "2367"]
[Annotator "NA"]
[PlyCount "126"]
[EventDate "2018.11.25"]
[EventType "team-tourn"]
[EventCountry "TUR"]
[SourceTitle "playchess.com"]
[Source "ChessBase"]
[SourceQuality "1"]
[WhiteTeam "Slovenia"]
[BlackTeam "Moldova"]
[WhiteTeamCountry "SLO"]
[BlackTeamCountry "MDA"]

1. e4 c5 2. c3 d5 3. exd5 Qxd5 4. d4 Nf6 5. Nf3 e6 6. a3 Be7 7. Be3 O-O 8. c4 Qh5 9. Be2 cxd4 10. Nxd4 Qg6 11. h4 h5 12. Bg5 e5 13. Nb5 Rd8 14. Nd2 Nc6 15. Nc7 Rb8 16. Nd5 Nxd5 17. cxd5 Bxg5 18. hxg5 Nd4 19. Bxh5 Nc2+ 20. Kf1 Qd3+ 21. Be2 Qf5 22. g4 Ne3+ 23. Ke1 Nxg4 24. Bf3 e4 25. Bxg4 Qxg4 26. Qxg4 Bxg4 27. Rh4 Bf5 28. Ke2 Rbc8 29. Rah1 Kf8 30. d6 Rxd6 31. Rh8+ Ke7 32. Rxc8 Bxc8 33. Nxe4 Rc6 34. Nc3 Be6 35. Kd2 Rc5 36. f4 Rc8 37. Ke3 a6 38. Rd1 Rh8 39. Rd2 Rh3+ 40. Ke4 g6 41. Nd5+ Kd6 42. Ne3+ Kc6 43. Rc2+ Kb5 44. Re2 Rh8 45. f5 gxf5+ 46. Nxf5 Kb6 47. Ke5 Rg8 48. Rg2 Bc4 49. Nd6 Ba2 50. b3 Bxb3 51. Rb2 Kc6 52. Rxb3 Rxg5+ 53. Nf5 Rg1 54. Rc3+ Kb6 55. Nd6 Re1+ 56. Kf5 Rf1+ 57. Ke4 Re1+ 58. Kf5 Rf1+ 59. Ke4 Re1+ 60. Kf3 Rb1 61. Ke4 Re1+ 62. Kf4 Rb1 63. Kg5 Ka5 1/2-1/2

[Event "World Youth U-16 Olympiad 2018"]
[Site "Konya"]
[Date "2018.12.01"]
[Round "8"]
[White "Jakab, Bela"]
[Black "Marn, Jan"]
[Result "1/2-1/2"]
[WhiteElo "2320"]
[BlackElo "2147"]
[Annotator "NA"]
[PlyCount "66"]
[EventDate "2018.11.25"]
[EventType "team-tourn"]
[EventCountry "TUR"]
[SourceTitle "playchess.com"]
[Source "ChessBase"]
[SourceQuality "1"]
[WhiteTeam "Slovakia"]
[BlackTeam "Slovenia"]
[WhiteTeamCountry "SVK"]
[BlackTeamCountry "SLO"]

1. e4 e5 2. Nf3 Nc6 3. Bc4 Bc5 4. c3 Nf6 5. d3 d6 6. h3 a5 7. Bb3 Be6 8. Bc2 Ba7 9. d4 exd4 10. Nxd4 Nxd4 11. cxd4 d5 12. e5 Ne4 13. Nc3 O-O 14. Be3 Nxc3 15. bxc3 c5 16. O-O cxd4 17. cxd4 f5 18. Rb1 Qc7 19. Rc1 Qe7 20. Qd2 b5 21. Bd3 Qd7 22. Rc2 b4 23. Rfc1 Rfc8 24. f4 Bb6 25. Rxc8+ Rxc8 26. Rxc8+ Qxc8 27. Qc2 Qxc2 28. Bxc2 Bd7 29. Kf2 Kf7 30. Ke1 Ke6 31. Bd3 g6 32. Kd2 Bc6 33. Kc2 Bd8 1/2-1/2

[Event "World Youth U-16 Olympiad 2018"]
[Site "Konya"]
[Date "2018.12.01"]
[Round "8"]
[White "Pajeken, Jakob Leon"]
[Black "Budisavljevic, Luka"]
[Result "0-1"]
[WhiteElo "2320"]
[BlackElo "2351"]
[Annotator "NA"]
[PlyCount "44"]
[EventDate "2018.11.25"]
[EventType "team-tourn"]
[EventCountry "TUR"]
[SourceTitle "playchess.com"]
[Source "ChessBase"]
[SourceQuality "1"]
[WhiteTeam "Germany"]
[BlackTeam "Serbia"]
[WhiteTeamCountry "GER"]
[BlackTeamCountry "SRB"]

1. e4 c5 2. Nf3 e6 3. d4 cxd4 4. Nxd4 Nc6 5. Nc3 Qc7 6. Be3 a6 7. Qf3 Ne5 8. Qg3 h5 9. Bf4 d6 10. Bg5 b5 11. f4 Nc4 12. O-O-O Bb7 13. Qd3 Rc8 14. e5 b4 15. exd6 Nxd6 16. Na4 Be7 17. Be2 Be4 18. Qb3 Nf5 19. Bxe7 Ngxe7 20. Nxf5 Qxc2+ 21. Qxc2 Rxc2+ 22. Kb1 Rxe2+ 0-1

[Event "World Youth U-16 Olympiad 2018"]
[Site "Konya"]
[Date "2018.12.01"]
[Round "8"]
[White "Oboladze, Luka"]
[Black "Isanzhulov, Arystan"]
[Result "0-1"]
[WhiteElo "2318"]
[BlackElo "2271"]
[Annotator "NA"]
[PlyCount "126"]
[EventDate "2018.11.25"]
[EventType "team-tourn"]
[EventCountry "TUR"]
[SourceTitle "playchess.com"]
[Source "ChessBase"]
[SourceQuality "1"]
[WhiteTeam "Georgia"]
[BlackTeam "Kazakhstan"]
[WhiteTeamCountry "GEO"]
[BlackTeamCountry "KAZ"]

1. d4 Nf6 2. c4 d6 3. Nf3 g6 4. Nc3 Bg7 5. e4 O-O 6. Be2 e5 7. O-O Nc6 8. d5 Ne7 9. Bd2 Ne8 10. Rc1 h6 11. b4 f5 12. Re1 g5 13. exf5 Nf6 14. h3 Bxf5 15. Nh2 a5 16. a3 axb4 17. axb4 Qd7 18. Ng4 Nxg4 19. Bxg4 Ra3 20. Ne4 b6 21. Ng3 Bxg4 22. Qxg4 Qxg4 23. hxg4 Ra2 24. Be3 Ra4 25. Bd2 Ra2 26. Red1 Rf7 27. Ne4 Bf8 28. g3 Kg7 29. Nc3 Rb2 30. Rb1 Rxb1 31. Rxb1 Ng8 32. Ra1 Kg6 33. Ra7 Nf6 34. f3 e4 35. Nxe4 Nxe4 36. fxe4 Bg7 37. Be3 Bc3 38. Ra4 Re7 39. c5 Rxe4 40. cxb6 cxb6 41. Bxb6 Rxb4 42. Rxb4 Bxb4 43. Kg2 Bc3 44. Kf3 Be5 45. Bf2 Bc3 46. Ke4 Be5 47. Be1 Kf6 48. Kd3 Kf7 49. Bf2 Kg6 50. Ke4 Bc3 51. Kd3 Be5 52. Be1 h5 53. Ke3 hxg4 54. Ke4 Kf6 55. Bf2 Bc3 56. Kd3 Ba5 57. Ke4 Kg6 58. Kd3 Kf5 59. Kc4 Ke4 60. Kb5 Bc3 61. Kc6 Kf3 62. Bb6 Be5 63. Bc7 Bxg3 0-1

[Event "World Youth U-16 Olympiad 2018"]
[Site "Konya"]
[Date "2018.12.01"]
[Round "8"]
[White "Zhalmakhanov, Ramazan"]
[Black "Khodashneli, Shota"]
[Result "1-0"]
[WhiteElo "2318"]
[BlackElo "2018"]
[Annotator "NA"]
[PlyCount "105"]
[EventDate "2018.11.25"]
[EventType "team-tourn"]
[EventCountry "TUR"]
[SourceTitle "playchess.com"]
[Source "ChessBase"]
[SourceQuality "1"]
[WhiteTeam "Kazakhstan"]
[BlackTeam "Georgia"]
[WhiteTeamCountry "KAZ"]
[BlackTeamCountry "GEO"]

1. e4 d6 2. d4 Nf6 3. Nc3 e5 4. Nge2 c6 5. a4 Be7 6. g3 O-O 7. Bg2 Nbd7 8. h3 Re8 9. Be3 Bf8 10. O-O a5 11. g4 exd4 12. Bxd4 h5 13. g5 Nh7 14. f4 Nb6 15. Ng3 c5 16. Bf2 g6 17. Nb5 Be6 18. h4 Bc4 19. Re1 Nxa4 20. Na3 Ba6 21. f5 Bg7 22. Qd5 Nb6 23. Qa2 c4 24. Rad1 Be5 25. Nb1 Nd7 26. Nd2 b5 27. b3 Qc7 28. bxc4 bxc4 29. Qa3 Rab8 30. Nf3 Rb4 31. Nxe5 Nxe5 32. c3 Rb3 33. Qxd6 Qxd6 34. Rxd6 Bb7 35. Bd4 Nf8 36. Ra1 Rb5 37. Nf1 gxf5 38. Ng3 Bxe4 39. Nxh5 Re6 40. Nf6+ Kg7 41. Nxe4 fxe4 42. Rd8 Nfg6 43. h5 Nf4 44. h6+ Kh7 45. Bxe4+ Nfg6 46. Rf1 Nf3+ 47. Bxf3 Rxg5+ 48. Kf2 Rf5 49. Kg3 Rg5+ 50. Bg4 f6 51. Rd7+ Kg8 52. h7+ Kh8 53. Rxf6 1-0

[Event "World Youth U-16 Olympiad 2018"]
[Site "Konya"]
[Date "2018.12.01"]
[Round "8"]
[White "Mladek, Richard"]
[Black "Piyumantha, M Sasith Nipun"]
[Result "0-1"]
[WhiteElo "2312"]
[BlackElo "2167"]
[Annotator "NA"]
[PlyCount "74"]
[EventDate "2018.11.25"]
[EventType "team-tourn"]
[EventCountry "TUR"]
[SourceTitle "playchess.com"]
[Source "ChessBase"]
[SourceQuality "1"]
[WhiteTeam "Czech Republic"]
[BlackTeam "Sri Lanka"]
[WhiteTeamCountry "CZE"]
[BlackTeamCountry "SRI"]

1. e4 c6 2. d4 d5 3. f3 e6 4. Nc3 Bb4 5. Bf4 Ne7 6. Nge2 Ng6 7. Be3 b6 8. Qd2 Ba6 9. O-O-O Nd7 10. g3 Qe7 11. h4 dxe4 12. fxe4 Nf6 13. Bg5 h6 14. Bxf6 Qxf6 15. a3 Qf3 16. axb4 Qxh1 17. b5 Bxb5 18. Nxb5 cxb5 19. Nc3 Qf3 20. Bxb5+ Kf8 21. d5 Qxg3 22. h5 Ne5 23. Kb1 Kg8 24. dxe6 fxe6 25. Qd6 Kh7 26. Qxe6 Rhd8 27. Nd5 Qg4 28. Qxe5 Qxd1+ 29. Ka2 Qg4 30. Qc7 Qe6 31. Bd3 Kh8 32. c4 Qd6 33. Qxd6 Rxd6 34. e5 Re6 35. Nf4 Rae8 36. c5 bxc5 37. Kb3 Rb6+ 0-1

[Event "World Youth U-16 Olympiad 2018"]
[Site "Konya"]
[Date "2018.12.01"]
[Round "8"]
[White "Gharibyan, Mamikon"]
[Black "Gorti, Akshita"]
[Result "1-0"]
[WhiteElo "2306"]
[BlackElo "2308"]
[Annotator "NA"]
[PlyCount "123"]
[EventDate "2018.11.25"]
[EventType "team-tourn"]
[EventCountry "TUR"]
[SourceTitle "playchess.com"]
[Source "ChessBase"]
[SourceQuality "1"]
[WhiteTeam "Armenia"]
[BlackTeam "United States"]
[WhiteTeamCountry "ARM"]
[BlackTeamCountry "USA"]

1. d4 e6 2. c4 Nf6 3. Nf3 b6 4. g3 Bb7 5. Bg2 Be7 6. O-O O-O 7. Nc3 Ne4 8. Qc2 Nxc3 9. Qxc3 f5 10. b3 Bf6 11. Bb2 Qe7 12. Ne5 Bxg2 13. Kxg2 c5 14. dxc5 Nc6 15. Qe3 Nxe5 16. Bxe5 Bxe5 17. Qxe5 Qxc5 18. Qf4 Qc6+ 19. Kg1 d6 20. Rad1 Rad8 21. Rd3 e5 22. Qd2 f4 23. Rd5 fxg3 24. hxg3 Qd7 25. Kg2 Rf6 26. Qe3 Rdf8 27. f3 Rh6 28. Kf2 Qh3 29. Rg1 Rg6 30. b4 Qe6 31. Qe4 Rg4 32. Rxd6 Rxe4 33. Rxe6 Rxc4 34. Rxe5 Rxb4 35. Rc1 Rg4 36. Rc7 a5 37. Ree7 Rg6 38. f4 Rb8 39. a4 h5 40. Re5 h4 41. gxh4 Rg4 42. Kf3 Rg1 43. Rg5 Rxg5 44. hxg5 g6 45. Ra7 Rc8 46. Rb7 Rc6 47. e3 Kf8 48. Ke4 Re6+ 49. Kd4 Kg8 50. e4 Rc6 51. e5 Kf8 52. Kd5 Rc5+ 53. Kd6 Rc4 54. e6 Rd4+ 55. Ke5 Rxa4 56. Rxb6 Rb4 57. Ra6 a4 58. Ra8+ Ke7 59. Ra7+ Kf8 60. f5 Rb5+ 61. Kd6 Rxf5 62. Ra8+ 1-0